| 000 | 00753nam a22002057a 4500 | ||
|---|---|---|---|
| 999 |
_c17272 _d17272 |
||
| 003 | AR-CdUCM | ||
| 008 | 190507b ||||| |||| 00| 0 spa d | ||
| 040 |
_aMUNICIPALIDAD PROVINCIAL DEL CUSCO _cBIBLIOTECA MUNICIPAL DEL CUSCO |
||
| 082 |
_a149 / _bG68 |
||
| 100 |
_aGómez Robledo, Antonio _937173 |
||
| 245 | _aEnsayo sobre las virtudes intelectuales / | ||
| 260 |
_aMéxico : _bFondo de cultura económica ; _c1957. |
||
| 300 |
_a242 páginas, _b24 cm. |
||
| 505 | _aContenido : Teoría general de la virtud -- La inteligencia discursiva -- Descripción de la prudencia... | ||
| 650 |
_aTeoría de la inteligencia _937174 |
||
| 650 |
_aGnoseología _937175 |
||
| 650 |
_aTeoría del conocimiento _914467 |
||
| 942 |
_2ddc _cLIBROS |
||
| 945 | _arcc | ||